<?xml version="1.0" encoding="UTF-8"?><?xml-stylesheet type="text/xsl" href="static/style.xsl"?><OAI-PMH xmlns="http://www.openarchives.org/OAI/2.0/" xmlns:xsi="http://www.w3.org/2001/XMLSchema-instance" xsi:schemaLocation="http://www.openarchives.org/OAI/2.0/ http://www.openarchives.org/OAI/2.0/OAI-PMH.xsd"><responseDate>2026-04-28T08:20:10Z</responseDate><request verb="GetRecord" identifier="oai:uvadoc.uva.es:10324/2462" metadataPrefix="marc">https://uvadoc.uva.es/oai/request</request><GetRecord><record><header><identifier>oai:uvadoc.uva.es:10324/2462</identifier><datestamp>2022-03-31T08:06:15Z</datestamp><setSpec>com_10324_38</setSpec><setSpec>col_10324_852</setSpec></header><metadata><record xmlns="http://www.loc.gov/MARC21/slim" xmlns:doc="http://www.lyncode.com/xoai" xmlns:xsi="http://www.w3.org/2001/XMLSchema-instance" xmlns:dcterms="http://purl.org/dc/terms/" xsi:schemaLocation="http://www.loc.gov/MARC21/slim http://www.loc.gov/standards/marcxml/schema/MARC21slim.xsd">
<leader>00925njm 22002777a 4500</leader>
<datafield tag="042" ind1=" " ind2=" ">
<subfield code="a">dc</subfield>
</datafield>
<datafield tag="720" ind1=" " ind2=" ">
<subfield code="a">Quirce Vázquez, Marco</subfield>
<subfield code="e">author</subfield>
</datafield>
<datafield tag="260" ind1=" " ind2=" ">
<subfield code="c">2012</subfield>
</datafield>
<datafield tag="520" ind1=" " ind2=" ">
<subfield code="a">La creatividad que hay dentro de cada niño debe ser utilizada como motor de su desarrollo, utilizando la música y el teatro como elementos conductores. Debemos dejar que la espontaneidad guíe la imaginación en sus creaciones, esto le hará sentirse más libre y motivado para el aprendizaje. El juego tiene un papel fundamental en este proceso, ya que es algo innato en el niño y le introduce en el mundo de la expresión dramática. Ésta surge de los niños, los cuales son capaces de interpretar un papel sin necesidad de aprenderse un guión y es el aula el escenario perfecto para ponerlo en práctica. Las enseñanzas artísticas tienen como objetivo proporcionar al niño una educación integral, permitiéndole potenciar sus capacidades. Son muchos los beneficios que ofrecen la música y el teatro al desarrollo de la clase y por ello creemos que deberían tener una mayor importancia en el curriculum.</subfield>
</datafield>
<datafield tag="024" ind2=" " ind1="8">
<subfield code="a">http://uvadoc.uva.es/handle/10324/2462</subfield>
</datafield>
<datafield ind1=" " ind2=" " tag="653">
<subfield code="a">Música - Estudio y enseñanza (Educación infantil)</subfield>
</datafield>
<datafield ind1=" " ind2=" " tag="653">
<subfield code="a">Teatro - Estudio y enseñanza (Educación infantil)</subfield>
</datafield>
<datafield tag="245" ind1="0" ind2="0">
<subfield code="a">Música y Teatro en Educación Infantil</subfield>
</datafield>
</record></metadata></record></GetRecord></OAI-PMH>